Acceso al crédito de las mujeres en América Latina /
保存先:
| 第一著者: | |
|---|---|
| フォーマット: | テキスト |
| 主題: | |
| タグ: |
タグ追加
タグなし, このレコードへの初めてのタグを付けませんか!
|
MARC
| LEADER | 00000 a a2200000 04500 | ||
|---|---|---|---|
| 001 | 43858 | ||
| 003 | |||
| 040 | |||
| 100 | |a Zuñiga Eaglehurst, Muriel | ||
| 245 | |a Acceso al crédito de las mujeres en América Latina / |c Muriel Zuñiga Eaglehurst | ||
| 650 | |a MUJERES | ||
| 650 | |a AMERICA LATINA | ||
| 650 | |a CREDITO | ||
| 773 | |g número1 ( 2004), 44 Páginas | ||
| 999 | |c 29771 |d 29771 | ||
